| 000 | 00854nam a22002297a 4500 | ||
|---|---|---|---|
| 003 | DO-SdBNP | ||
| 005 | 20210830141810.0 | ||
| 008 | 210825b 2018 dr 00| 0 eng d | ||
| 020 | _a9789945169232 | ||
| 040 |
_aDO-SdBNP _bspa _cBNPHU |
||
| 100 | 1 |
_aEstrella Toribio, Miguel _979583 |
|
| 245 |
_aLímites a la libertad de expresión en la normativa internacional : _bderecho a privacidad y honra / _cMiguel Estrella Toribio ; prólogo Adriano de la Cruz |
||
| 260 |
_aSanto Domingo : _bBúho ; _c2018. |
||
| 300 |
_a173 p. ; _c23 cm. |
||
| 500 | _aIncluye datos biográficos del autor en las solapas | ||
| 500 | _aIncluye referencias bibliográficas y notas al pie de las páginas | ||
| 504 | _aBibliografía : p. 153 -173 | ||
| 590 | _aInventariado, 2021/BT | ||
| 700 | 1 |
_aDe la Cruz, Adriano, _epról. _911146 |
|
| 910 | _aBtavárez | ||
| 942 |
_2ddc _cLBS1 |
||
| 999 |
_c50288 _d50288 |
||